000 00378 a2200145 4500
999 _c4938
_d4938
020 _a0907985750
050 _aPL8771 NEL 1997
100 _aNeluvhalani, M.C.
_eauthor
245 _aIfa lashu la mirero /
_cM.C. Neluvhalani
264 _aBraamfontein
_bSasavona
_c1997
300 _a138p. :
500 _aVenda fiction
650 _aVenda fiction
942 _2lcc
_cBK
_h8771
_iNEL
_kPL